[Event "IND-ch U13 Girls 33rd"]
[Site "Visakhapatnam"]
[Date "2019.05.08"]
[Round "7"]
[White "Kriti, Mayur Patel"]
[Black "Yashavishree, N."]
[Result "1-0"]
[WhiteElo "1449"]
[BlackElo "1422"]
[PlyCount "115"]
[EventDate "2019.05.04"]
[EventType "swiss"]
[EventRounds "11"]
[EventCountry "IND"]
[SourceTitle "CBM 190 Extra"]
[Source "ChessBase"]
[SourceDate "2019.07.15"]
[SourceVersion "1"]
[SourceVersionDate "2019.07.15"]
[SourceQuality "1"]

1. e4 c5 2. d4 cxd4 3. c3 dxc3 4. Nxc3 d6 5. Nf3 Nc6 6. Bc4 e6 7. 0-0 Nf6 8. Qe2 Be7 9. Rd1 e5 10. h3 a6 11. Be3 0-0 12. Rac1 Bd7 13. Qd2 Be6 14. Be2 h6 15. Qc2 Rc8 16. Qb1 Qa5 17. Bd2 Qc7 18. Be3 Qb8 19. b4 Rfd8 20. Bb6 Rf8 21. a4 Nd7 22. Be3 a5 23. b5 Nb4 24. Qb2 Nc5 25. Ra1 Nxe4 26. Nxe4 Rc2 27. Qb1 Rxe2 28. Ned2 d5 29. Kf1 Rxd2 30. Bxd2 d4 31. Qe4 Bd6 32. Kg1 f5 33. Qe2 b6 34. Nxd4 Bd5 35. Bxb4 Bxb4 36. Nxf5 Be6 37. Ne3 Rc8 38. Rac1 Rd8 39. Rxd8+ Qxd8 40. Rc6 Bb3 41. Qb2 Bxa4 42. Qa2+ Kh8 43. Qxa4 Bc5 44. Qc2 Qd7 45. Nc4 Qb7 46. Nxe5 Qb8 47. Nd7 Qb7 48. Nxc5 bxc5 49. Rxc5 a4 50. Rc8+ Qxc8 51. Qxc8+ Kh7 52. Qc2+ Kh8 53. b6 a3 54. b7 g6 55. b8Q+ Kg7 56. Qe5+ Kf7 57. Qcc7+ Kg8 58. Qeg7# 1-0